000 00596nam a2200205Ia 4500
001 13521
003 GE_BSU
008 181216s||||||||xx |||||||||||||| ||und||
020 _a0860203956
040 _cGE_BSU
080 _a502(075)(410)
100 _aSankey,John
245 _aNature Guide to south-fast England Hampsbire, Kent, Surrey, Sussex & the isie of Wight
260 _aLondon
260 _bUsborne Publishing Limited
260 _c1981
300 _a127p.ill.19cm.
653 _aNature Guide to south-fast England Hampsbire, Kent, Surrey, Sussex & the isie of Wight
942 _cBK
999 _c46680
_d46680